Universe in a single atom (Record no. 240500)

MARC details
000 -LEADER
fixed length control field 01542nam a22002057a 4500
005 - DATE AND TIME OF LATEST TRANSACTION
control field 20250925092723.0
008 - FIXED-LENGTH DATA ELEMENTS--GENERAL INFORMATION
fixed length control field 250925b |||||||| |||| 00| 0 eng d
020 ## - INTERNATIONAL STANDARD BOOK NUMBER
International Standard Book Number 9780349117362
040 ## - CATALOGING SOURCE
Transcribing agency AL
041 ## - LANGUAGE CODE
Language code of text/sound track or separate title English
082 ## - DEWEY DECIMAL CLASSIFICATION NUMBER
Classification number 294.3
Item number LAMU
100 ## - MAIN ENTRY--PERSONAL NAME
Personal name Dalai Lama
100 ## - MAIN ENTRY--PERSONAL NAME
9 (RLIN) 240352
245 ## - TITLE STATEMENT
Title Universe in a single atom
Remainder of title : how science and spirituality can serve our world
260 ## - PUBLICATION, DISTRIBUTION, ETC.
Place of publication, distribution, etc. London
Name of publisher, distributor, etc. Abacus
Date of publication, distribution, etc. 2005
300 ## - PHYSICAL DESCRIPTION
Extent 229 p.
Other physical details PB
Dimensions 20x12.5cm
365 ## - TRADE PRICE
Price amount ₹499.00
Currency code
Unit of pricing ₹499.00
520 ## - SUMMARY, ETC.
Summary, etc. In this rare personal investigation, His Holiness the Dalai Lama discusses his vision of science and faith working hand in hand to alleviate human suffering. Drawing on a lifetime of scientific study and religious practice, he explores the great debates and makes astonishing connections between seemingly disparate topics - such as evolution and karma - that will change the way we look at the world.<br/>While he sees science and faith as 'complementary but different investigative approaches with the same goal of seeking the truth,' the fact is that the two have often been at the root of human conflict for centuries. The Dalai Lama challenges us to see that the benefits of opening our hearts and minds to the connections between science and faith are far preferable to perpetuating the divisive rhetoric that often surrounds them.<br/>Now, as we face such troubled and uncertain times, the need has never been greater for this extraordinary man's compassion and wisdom.
650 ## - SUBJECT ADDED ENTRY--TOPICAL TERM
Topical term or geographic name entry element Buddhism and science
9 (RLIN) 240353
942 ## - ADDED ENTRY ELEMENTS (KOHA)
Source of classification or shelving scheme Dewey Decimal Classification
Koha item type Book
Holdings
Withdrawn status Lost status Source of classification or shelving scheme Damaged status Not for loan Collection code Home library Current library Shelving location Date acquired Cost, normal purchase price Total Checkouts Full call number Barcode Date last seen Cost, replacement price Price effective from Koha item type
    Dewey Decimal Classification     Others St Aloysius Library St Aloysius Library Stack Section 09/15/2025 499.00   294.3 LAMU D06347 09/25/2025 499.00 09/25/2025 Donated Books